000 00200nam a22000737a 4500
999 _c23632
_d23632
003 Nust
005 20170529121404.0
008 131220b xxu||||| |||| 00| 0 eng d
020 _cAvailable
040 _aDLC
_bDLC
_cRCMS
082 _a358.404591 RAF
100 _aAir Commodore Rais A Rafi
_91497
245 _aPAF Bomber Operations 1965 & 1971 Wars
_cAir Commodore Rais A Rafi
_b1965 & 1971 wars
260 _aPakistan
_bPAF Book Club
300 _aviii,135 p.;
_bill:
_c25,cm.
505 _aMessage from Chief of the Air Staff (page-1) Message from air Marshal M asghar Khan (Page-3) Introduction (Page-10) Preparation for War (Page-15) The Most Difficult Ordeal (Page-25) Shift From Mauripur to Peshawar (page-29) Halwara, Night 11th/12th September (page-31) Srinagar,13th September (Page-36) Back to Mauripur (page-44) Amabala Night 20th/21th September (Page-53) Ceasefire 23rd September (Page-64) 1965 War: (Page-66) Picture Gallery (Page-69) Deployment for 1971 War (Page-97) IAF Attack Mianwali, Night 3rd 5th December(Page-107) Families (Page-110) Pathankot, Night 6th /7th December (page-121) Sirsa, Night 8th December (Page-127) Sargoda,8th December (Page-128) Return to Risalpur (page-132) Conclusion (Page-133)
538 _iShelf # 13, Row # 4, Fiction.
650 _aPAF Bomber Operations
_91498
856 _3Table of Content Only
942 _2ddc
_cFIC